| 000 | 00517nam a2200181 a 4500 | ||
|---|---|---|---|
| 001 | 000039198 | ||
| 005 | 20260305073959.0 | ||
| 008 | 110804s2013 dr 000 0 spa d | ||
| 020 | _a9789945481334 | ||
| 040 |
_aDO-SdBNP _bspa _cBNPHU |
||
| 082 |
_axxx _bG377h |
||
| 100 | 1 |
_aGerón, Candido, _d1948- _93577 |
|
| 245 | 1 | 4 |
_aLos horizontes del deseo / _cCándido Gerón. |
| 250 | _a2a. ed. | ||
| 260 |
_aSanto Domingo : _bCentenario, _c2013. |
||
| 300 |
_a167 p. ; _c22 cm. |
||
| 586 | _aPremio Nacional de Poesía 1989 | ||
| 999 |
_c38688 _d38688 |
||